00673nam a2200193Ia 4500008004100000100001800041245015100059260001100210300002100221440002600242521000900268650004300277650001300320650001200333650002400345942000700369999001900376952008400395140626s9999 xx 000 0 und d aHoltz, Brian. aInterpersonal justice and deviance :b the moderating effects of interpersonal justice values and justice orientation /cBrian Holtz ... [et al.]. cc2013. a39 : 2, page 339 aJournal of Management aBSBA aCounterproductive work behavior (cwb). aJustice. aValues. aWorkplace deviance. cSE c121013d121013 001040aCLbCLcPERd2014-06-26l0pS0121r2014-06-26 00:00:00w2014-06-26ySE